000 00691nam a2200205Ia 4500
003 GCL
008 140319s9999 xx 000 0 ara d
040 _aGCL /
_cGCL
082 0 4 _a956.91
_bع ق
100 1 _aعزالدين فودة
245 1 0 _aقضية القدس /
_cعزالدين فودة
260 _aالقاهرة :
_bدار الكاتب العربى للطباعة والنشر ،
_c1967
300 _a109 ص ؛
_c17 سم
490 _aالمكتبة الثقافية
_v180
650 0 4 _aالنزاع العربى الاسرائيلى
650 0 4 _aالقضية الفلسطينية
650 0 4 _aالاماكن المقدسة
650 0 4 _aالقدس
942 _2ddc
_cBK
999 _c42400
_d42400